| 000 | 01113nam a2200253 i 4500 | ||
|---|---|---|---|
| 003 | DO-SdBNP | ||
| 005 | 20260204080701.0 | ||
| 007 | ta | ||
| 008 | 260204s1992 dr o 000 0 spa d | ||
| 040 |
_aDO-SdBNP _bspa _cBNPHU _erda |
||
| 041 | _aspa | ||
| 082 |
_a631.585 _bS161g _222 |
||
| 100 |
_aSalazar M., Gustavo _eautor _911765 |
||
| 245 | 1 | 0 |
_aGuía práctica de cultivos hidropónicos populares / _cGustavo Salazar M. |
| 264 | 1 |
_aSanto Domingo : _bEditora Tele-3, _c1992 |
|
| 300 |
_a100 páginas : _bilustraciones ; _c23 cm. |
||
| 336 |
_2rdacontent _atexto _btxt |
||
| 337 |
_2rdamedia _asin mediación _bn |
||
| 338 |
_2rdacarrier _avolumen _bnc |
||
| 505 | _aGeneralidades 16 -- Condiciones necesarias para el desarrollo de las plantas 24 -- Luz 25 -- Agua 27 -- Aspectos climáticos 30 -- Los sustratos 30 -- El nutriente y el riego de los cultivos 38 -- Recipientes de cultivo 44 -- Semillas, semilleros y trasplante 54 -- Plagas y enfermedades en los hidrocultivos caseros 66 -- Periodo vegetativo, recolección y cosecha 80 | ||
| 590 | _aInventariado, 2026/DG | ||
| 910 | _aDG | ||
| 942 |
_2ddc _cLBS1 |
||
| 999 |
_c60204 _d60204 |
||